| 000 | 00740nam a2200241 a 4500 | ||
|---|---|---|---|
| 001 | nice12345678 | ||
| 003 | IN_TiNIC | ||
| 005 | 20260116011615.0 | ||
| 008 | 050524s1895 lona grp 000 0 eng | ||
| 020 |
_a _c100 |
||
| 082 | 0 | 0 |
_a201 _bBIR |
| 100 | _aBirks, Herbert | ||
| 245 | _aLife and Correspondence of Thomas Valpy French, 1st Bishop of Lahore | ||
| 260 |
_aLondon _bJohn Murray _c1895 |
||
| 300 | _a407p | ||
| 500 | _aincludes index and biblioraphy | ||
| 505 | 2 | _aIndex | |
| 505 | 2 |
_aIndex00 _gV1. _tLife and Correspondence of Thomas Valpy French, 1st Bishop of Lahore.-- _gV2. _tLife and Correspondence of Thomas Valpy French, 1st Bishop o |
|
| 700 | 1 | _aBirks, Herbert | |
| 902 | _bSRS | ||
| 942 | _cBK | ||
| 999 |
_c2854 _d2854 |
||